| 000 | 00597 a2200181 4500 | ||
|---|---|---|---|
| 003 | NUST | ||
| 005 | 20221128173318.0 | ||
| 040 | _cNust | ||
| 082 | _a531,SYN | ||
| 100 |
_aSynge, J. L. _9103734 |
||
| 245 |
_aPrinciples of mechanics / _cJohn L. Synge , Byron A. Griffith. |
||
| 250 | _a3rd ed. | ||
| 260 |
_aNew York, _bMcGraw-Hill, _c 1959. |
||
| 300 |
_a552 p.: illus. _b 24 cm. |
||
| 505 | _aPart-1: Plane Mechanics (Page-3), Part-2: Machanics in Space (Page-221), Part-3: General Methods and Realativity (Page-411). | ||
| 650 |
_aPrinciples of mechanics _9103735 |
||
| 942 |
_2ddc _cBK _k531,SYN |
||
| 999 |
_c184048 _d184048 |
||